Normal view
MARC view
- Mujeres en la educación
Entry Materia
001 - NÚMERO DE CONTROL DEL REGISTRO
- campo de control: 58038
003 - IDENTIFICADOR DE NUMERO DE CONTROL
- campo de control: MX-MxUPN
005 - FECHA Y HORA DE LA ÚLTIMA TRANSACCIÓN
- campo de control: 20250930113239.0
008 - DATOS DE LONGITUD FIJA
- campo de control de longitud fija: 250930|| acn||babn | a|a d
040 ## - FUENTE DE LA CATALOGACIÓN
- Centro catalogador de origen: MX-MxUPN
150 ## - ENCABEZAMIENTO - TEMÁTICO
- Término de materia o nombre geográfico como elemento inicial: Mujeres en la educación
- Subdivisión de forma: Congresos
670 ## - FUENTE EN LA QUE SE LOCALIZARON DATOS
- Cita de la fuente: Women as educator
- Información localizada: Portada: (Women as educator. XXX Generla Conference Unesco)
902 ## - CATALOGADOR
- Catalogador: Berenice Martínez/300925
